000 00629nam a22002417a 4500
001 BR8800688
003 BR-BrBNA
005 20230928092835.0
007 ta
008 230509b bl.||||| |||| 00| 0 por d
040 _aBR-BrBNA
_bpor
_cBiblioteca Nacional de Agricultura
041 _a(Por)
072 _aH20
_b3575
090 _ 3575 BR8800688
110 1 _aFundacao Cargill, Sao Paulo, SP (Brasil)
_94794
245 1 _aPatologia de sementes
260 3 _aCampinas, Sp (Brasil):
_c1987.
300 _a480 p.
650 _aSEMENTE
650 _aDOENCA DE PLANTA
909 _a202309
_bLucia
_c55
_dLucia Elande
942 _cBK
999 _c41507
_d41507